00733nam a2200181 i 450000100060000000300090000600500170001500700030003200800410003511100670007624502040014326000630034730000210041050000480043171000260047985200230050585200230052846189ES-MaACL20230906161336.0t|030328s1932 sz ||||1| fre d2 aConférence pour la Reduction et la Limitation des Armements.10aConférence pour la Reduction et la Limitation des Armements b: armes chimiques, incendiaires et bacteriens / cComité special ; reponse au questionnaire soumis par le Bureau au Comité special. aGenève : b[s.n., c1932] (fImp. du Journal "Genève") a25 p. ; c33 cm. aPrecede al tít.: Société des Nations.2 aSociedad de Naciones. aES-MaACLj1766-F-1 aES-MaACLj1766-F-2